Vymedzenie a úlohy malých a stredných podnikov v Slovenskej republike

Pojem podnikanie. Teoretické vymedzenie MSP, ich význam, počet a zameranie v SR. Počet novovzniknutých MSP v SR v období 2007-2011. Vekové zloženie podnikateľov v MSP. Porovnanie MSP v EÚ27 a SR. Podnikateľské prostredie SR a jeho charakteristika v období globálnej hospodárskej krízy. Štruktúra podn...

Descrizione completa

Salvato in:
Dettagli Bibliografici
Autore principale: Markovičová, Marta, 1962-
Natura: Capitolo di libro
Lingua:slovacco
Soggetti:
Tags: Aggiungi Tag
Nessun Tag, puoi essere il primo ad aggiungerne!!

MARC

LEADER 00000nla a2200000 4500
001 0184316
005 20240502073148.0
041 0 |a slo 
044 |a SK 
245 1 0 |a Vymedzenie a úlohy malých a stredných podnikov v Slovenskej republike  |c Marta Markovičová 
520 |a Pojem podnikanie. Teoretické vymedzenie MSP, ich význam, počet a zameranie v SR. Počet novovzniknutých MSP v SR v období 2007-2011. Vekové zloženie podnikateľov v MSP. Porovnanie MSP v EÚ27 a SR. Podnikateľské prostredie SR a jeho charakteristika v období globálnej hospodárskej krízy. Štruktúra podnikateľského prostredia. 
610 2 0 |a podnikanie 
610 2 0 |a podnikanie malé 
610 2 0 |a podnikanie stredné 
610 2 0 |a prostredie podnikateľské 
610 2 0 |a Slovensko 
610 2 0 |a kríza 
100 1 |a Markovičová, Marta, 1962-